Policz jak najwyżej w 20 sekund - Statystyki

Ogólne statystyki
  • Ten quiz został rozwiązany 85 razy
  • Średni wynik to 33 z 100
Statystyki odpowiedzi
Liczby % Poprawnych
1
100%
3
100%
5
100%
6
100%
7
100%
8
100%
11
97%
2
97%
4
97%
9
97%
12
92%
10
89%
13
84%
15
84%
16
84%
14
82%
17
82%
21
82%
18
79%
19
79%
22
79%
20
74%
23
74%
24
74%
25
68%
26
66%
27
61%
28
55%
29
55%
0
50%
31
47%
30
45%
32
34%
34
29%
36
29%
33
26%
35
26%
37
24%
38
24%
39
24%
41
24%
40
21%
42
18%
43
16%
44
16%
52
16%
47
13%
51
13%
45
11%
46
11%
48
11%
49
11%
50
11%
54
11%
55
11%
62
11%
63
11%
76
11%
53
8%
56
8%
57
8%
58
8%
59
8%
60
8%
61
8%
64
8%
71
8%
81
8%
92
8%
65
5%
66
5%
67
5%
68
5%
69
5%
70
5%
72
5%
73
5%
74
5%
75
5%
79
5%
80
5%
82
5%
83
5%
84
5%
85
5%
86
5%
87
5%
88
5%
90
5%
91
5%
93
5%
94
5%
95
5%
96
5%
97
5%
98
5%
99
5%
77
3%
78
3%
89
3%
Nie znaleziono quizów pasujących do podanych kryteriów
Rozkład punktacji
Procent ludzi z każdym wynikiem
Percentyl według liczby udzielonych odpowiedzi
Twoja historia wyników
Nie rozwiązałeś tego quizu